LEADER 01130nam a2200241 i 4500 001 000000244067 003 CaOOAMICUS 005 20150729000000.0 008 150729s1929 it u000 u ita u 013 $a222972 040 $aSeMil$bita 245 12$aL'opera di S. S. Pio 11. /$cAzione Cattolica Italiana : Ufficio Centrale. 260 $aMilano :$bVita e Pensiero,$cstampa 1929. 300 $a298 p. ;$c25 cm. 490 0 $aSettimane sociali dei cattolici italiani ;$v16. Sessione 650 4$aPio XI - Scritti e discorsi.$0(OLS)http://semarc/subject/5072 700 1 $aAzione Cattolica Italiana : Ufficio Centrale.$0(OLS)http://semarc/name/82272 700 1 $aSettimane sociali d'Italia <16. ; 1929 ; Roma>.$0(OLS)http://semarc/name/82326 830 0$aSettimane sociali dei cattolici italiani ;$v16. Sessione.$0(OLS)http://semarc/title/43673 850 $aSeMil 852 $aSeMil$W1$xVenegono$y1$m3N V 80$j194413$B194413$CSeMilBibl$Z2$F205032 $81 996 $6245$aL'opera di S. S. Pio 11.$9(OLS)http://semarc/title/345997 996 $6260$aMilano :$bVita e Pensiero$9(OLS)http://semarc/publisher/29642 LEADER 00773nam a2200193 i 4500 001 000000055844 003 CaOOAMICUS 005 19970715000000.0 008 970715s1971 vc u000 u lat u 013 $a27016 040 $aSeMil$bita 245 10$aSessio publica 2. ; Congregationes Generales 37.-39. 300 $a810 p. 773 0 $tActa Synodalia Sacrosancti Concilii Oecumenici Vaticani 2..$d[In Urbe Vaticani] : Typis Polyglottis Vaticanis, 1970-1999.$gVolumen2$w()514 773 0 $tPeriodus secunda.$gPars1$w()6740 850 $aSeMil 852 $aSeMil$W1$xVenegono$y1$mSL1.Z VI 4$j21998$B21998$CSeMilBibl$Z2$F22000 $8I 961 $aAcquisto: Rimoldi mons. Antonio 996 $6245$aSessio publica 2. ; Congregationes Generales 37.-39$9(OLS)http://semarc/title/86708